Measure for measure

Збережено в:
Бібліографічні деталі
Автор: Shakespeare, William
Формат: Книга
Мова:Undetermined
Опубліковано: New York, Estados Unidos The Signet Classic 1964
Предмети:
Теги: Додати тег
Немає тегів, Будьте першим, хто поставить тег для цього запису!

MARC

LEADER 00000nam a2200000Ia 4500
008 170316s9999 xx 000 0 und d
040 |a cru BVZT 
090 |a 820 S-5me 
100 |a Shakespeare, William 
245 |a Measure for measure 
260 |a New York, Estados Unidos 
260 |b The Signet Classic 
260 |c 1964 
300 |a 240 páginas 
650 |a LITERATURA INGLESA 
999 |c 7151  |d 7151 
942 |c 15 D  |h 820 S-5me  |2 z